000
00339nam a2200133Ia 4500
008
231017s9999 xx 000 0 und d
082
_a
624
082
_b
CRS
245
0
_a
"Publications, Software and Technical Resources for Design and Construction Professional"
245
0
_c
CRSI
260
_b
CRSI
300
_c
30cm
942
_c
REP
999
_c
604063
_d
604063